000 00384nam a2200133 i 4500
001 bg
100 1 _aKWAŚNIEWSKI, Jan
245 0 _aZasady eliminacji wpływów systematycznych przy pomiarach przemieszczeń i odkształceń budowli /
_cJan Kwaśniewski.
260 _aSzczecin,
_c1976.
040 _cBPK
041 _apol
942 _cKS
008 s pl f |000 0 pol
999 _c17072
_d17072
856 _uhttp://koha.tu.koszalin.pl/cgi-bin/koha/opac-detail.pl?biblionumber=17072
_yKatalog online BPK